| 000 | 00719nas a2200265 4500 | ||
|---|---|---|---|
| 001 | BR9903203 | ||
| 003 | BR-BrBNA | ||
| 005 | 20231205101452.0 | ||
| 007 | ta | ||
| 008 | 230509b bl.|||p| |||| 00| 00por d | ||
| 040 |
_aBR-BrBNA _bpor _cBiblioteca Nacional de Agricultura |
||
| 041 | _a(Pt) | ||
| 072 | _aL70 | ||
| 100 | 1 | _aCardona, R.O. | |
| 100 | 1 | _aFauerharmel, L.C. | |
| 245 | 1 | _aFratura de corpo escapular em cao | |
| 650 | _aCao | ||
| 650 | _aFratura | ||
| 650 | _aTratamento | ||
| 650 | _aCirurgia | ||
| 650 | _aAnestesia | ||
| 773 | 0 |
_tHora Veterinaria (Brazil) _xISSN 0101-9163 _g(May-Jun 1999), v. 19(109) p. 72-76 _wBR9903203 |
|
| 909 |
_a202311 _bLúcia _c55 _dLúcia Elande |
||
| 942 |
_2AGRIS _n0 _cANA |
||
| 999 |
_c162048 _d162048 |
||